Online Catalogue and eLibrary

Gender Trouble (Record no. 1557)

MARC details
000 -LEADER
fixed length control field 00492nam a2200193Ia 4500
005 - DATE AND TIME OF LATEST TRANSACTION
control field 20250108054811.0
008 - FIXED-LENGTH DATA ELEMENTS--GENERAL INFORMATION
fixed length control field 240331s9999 xx 000 0 und d
020 ## - INTERNATIONAL STANDARD BOOK NUMBER
ISBN 0415900433
082 ## - DDC Classification
Item Number - Author Mark JUD
DDC Edition Number 2286
Class No. 305.3
100 ## - MAIN ENTRY--PERSONAL NAME
Personal name Butler, J
245 #0 - TITLE STATEMENT
Title Gender Trouble
Remainder of title Feminism and the Subversion of Identity
260 ## - PUBLICATION, DISTRIBUTION, ETC.
Place of publication, distribution, etc. New York
Name of publisher, distributor, etc. Routledge
Date of publication, distribution, etc. 1990
260 ## - PUBLICATION, DISTRIBUTION, ETC.
Place of publication, distribution, etc. London
Name of publisher, distributor, etc. Routledge
Date of publication, distribution, etc. 1990
300 ## - PHYSICAL DESCRIPTION
Extent (e.g. Volumes, Pages etc.) xii, 172 p.,
650 ## - SUBJECT ADDED ENTRY--TOPICAL TERM
Topical term or geographic name entry element Gender
650 ## - SUBJECT ADDED ENTRY--TOPICAL TERM
Topical term or geographic name entry element Feminism
650 ## - SUBJECT ADDED ENTRY--TOPICAL TERM
Topical term or geographic name entry element Women
942 ## - Koha item type (Biblio)
Koha item type Books in Stacks (Lending)
Holdings
Lost status Damaged status Collection code Home library Current library Shelving location Date acquired Full call number Accession Number Item type
    Lending WERC Library WERC Library Social Science Cupboard 03/31/2024 305.3 BUT 2286 Books in Stacks (Lending)

© WERC Library